| 000 | 01281cam a2200301 i 4500 | ||
|---|---|---|---|
| 001 | 768714001 | ||
| 003 | CO-MdFUSB | ||
| 005 | 20240622091509.0 | ||
| 007 | ta | ||
| 008 | 240622b2007 -sp||||| |||| 00| 0 spa d | ||
| 020 | _a978-84-301-1656-0 | ||
| 040 | _cCO-MdFUSB | ||
| 041 | _aspa | ||
| 082 | 0 | 4 |
_224 _a234.3 _bM6649s |
| 100 | 1 |
_aMingo Kaminouchi, Alberto de 1964- _eautor |
|
| 245 | 1 | 0 |
_aSímbolos de salvación : _bredención, victoria, sacrificio _c/ Alberto de Mingo Kaminouchi |
| 264 | 1 |
_bEdiciones Sígueme, _aSalamanca : _c[2007] |
|
| 264 | 4 | _c©2007 | |
| 300 |
_a158 pag _c19 cm |
||
| 336 |
_atexto _btxt _2rdacontent |
||
| 337 |
_2rdamedia _asin mediación _bn |
||
| 338 |
_2rdacarrier _avolumen _bnc |
||
| 501 | _aEn rústico | ||
| 505 | _aIntroducción: Una "mecánica" que no funciona -- Las capacidades del símbolo -- Tres símbolos \ Redención: El éxodo, fuente de fe israelita -- la rendición en los evangelios -- Un pago realizado ¿A quién? \ Victoria: Guerra de imágenes -- Atar al hombre fuerte -- Ofrecer la otra mejilla -- El no a la violencia -- La victoria final \ Sacrificio: El sacrificio según la antropología cultural -- El sacrificio en el Antigui y Nuevo Testamento | ||
| 653 | _aSoteriología | ||
| 942 | _cBK | ||
| 945 | _aMiguel | ||
| 999 |
_c44431 _d44431 |
||